Normal view
MARC view
- ENKE, C. G ,MALMSTADT, H. V
Entry Personal Name
001 - CONTROL NUMBER
- control field: 57617
003 - CONTROL NUMBER IDENTIFIER
- control field: NUST
005 - DATE AND TIME OF LATEST TRANSACTION
- control field: 20210628201948.0
008 - FIXED-LENGTH DATA ELEMENTS
- fixed length control field: 210628|| aca||aabn | a|a d
040 ## - CATALOGING SOURCE
- Original cataloging agency: NUST
- Transcribing agency: NUST
100 ## - HEADING--PERSONAL NAME
- Personal name: ENKE, C. G ,MALMSTADT, H. V
670 ## - SOURCE DATA FOUND
- Source citation: Work cat.: (NUST): ENKE, C. G ,MALMSTADT, H. V, COMPUTER LOGIC ,A LABORATORY WORKBOOK, 1970
